01014nam a2200265 a 4500001001000000003000500010005001700015008004100032010001100073011001100084020001900095040000900114245020400123260009100327300002700418650002700445650002800472650004600500650002700546650002600573650002500599700003500624700004800659700004100707000111128CHAP20221116094506.0141205s2014 mx a |s| |||||||spa d a107590 a108562 a9786071203564  cCHAP00aDesarrollos de ingeniería agrícola en América Latinah[Disco compacto]ceditado y compilado por Eugenio Romantchik Kriuchkova, Gilberto de Jesús López Canteñs y Efrén Fitz Rodríguez . aChapingo, México :bUACH. Departamento de Ingeniería Mecánica Agrícola,c2014. a1 CD ROM ;c4 3/4 plg.14aDesarrollo agrícola.14aIndustrias agrícolas.14aIngeniería agrícolaxInvestigación.14aProductos agrícolas.14aProductos forestales.14aProductos pecuarios.0 aFitz Rodríguez, Efréneed.1 aLópez Canteñs, Gilberto de Jesúseed.1 aRomantchik Kriuchkova, Euguenioeed.